000 00658nam a2200193Ia 4500
003 GCL
008 140319s9999 xx 000 0 ara d
020 _a2977235977
040 _aGCL /
_cGCL
082 0 4 _a909.08
_bج م
100 1 _aجران، بيتر
245 1 0 _aما بعد المركزية الاوربية :
_bنظرة جديدة فى تاريخ العالم الحديث /
_cجران، بيتر
260 _aالقاهرة :
_bالمجلس الاعلى للثقافة ،
_c1998
300 _a689 ص ؛
_c24 سم
650 0 4 _aالاقتصاد
650 0 4 _aالتاريخ الحديث
650 0 4 _aالعالم - تاريخ
942 _2ddc
_cBK
999 _c380
_d380